000
00245nam a2200097Ia 4500
008
240331s9999 xx 000 0 und d
082
_a
300.1
_b
SEI
100
_a
Seidler, V. J
245
0
_a
Recovering the self :
_b
morality and social theory
942
_c
L
999
_c
987
_d
987